Statistics for Cities With A Legoland

Click here to take the quiz!

General Stats

  • This quiz has been taken 19 times
  • The average score is 3 of 8

Answer Stats

CountryAnswer% Correct
DenmarkBillund
65%
United Arab EmiratesDubai
65%
United KingdomWindsor
35%
GermanyGünzburg
29%
JapanNagoya
29%
United StatesCarlsbad
24%
United StatesWinter Haven
24%
MalaysiaIskandar Puteri
18%

Score Distribution

Percentile by Number Answered

Percent of People with Each Score

Your Score History

You have not taken this quiz